| 000 | 00753nam0a22002651 4500 | ||
|---|---|---|---|
| 001 | v19\rc\1559881 | ||
| 005 | 20250618190502.0 | ||
| 035 | _a(NLR Aleph) 004672961 | ||
| 090 |
_a3703195 _c3703195 |
||
| 100 | _a20060620d1904 |||y0rusy50 ca | ||
| 101 | 0 | _arus | |
| 102 | _aRU | ||
| 105 | _aa z ||||| | ||
| 200 | 1 |
_aВнутреннее состояние сердца человеческого _fЕ.Т. |
|
| 205 | _a5-е изд. | ||
| 210 |
_aМосква _cтип. И.Д. Сытина и К° _d1904 |
||
| 215 |
_a63 с. _cил. |
||
| 702 | 0 |
_aЕ.Т. _4220 |
|
| 801 | 0 |
_aRU _bNLR _gpsbo |
|
| 801 | 0 |
_aRU _bRuMoRGB _2psbo |
|
| 801 | 1 |
_aRU _bProSoft-M _2rusmarc |
|
| 852 |
_aNLR _j34.48.5.691 |
||
| 899 |
_aRuMoRGB _jU 394/1239 |
||
| 942 | _cBOOK | ||
| 980 | _aNB | ||